000 00513nam a2200169 a 4500
005 20160827120959.0
008 160827b2006 ck |||||rm||| 00| 0 spa d
040 _aCO-BoIAVH
_cCO-BoIAVH
041 _aspa
090 _aTE
_b0171
100 1 _aAmado Sánchez, Luis Gabriel
245 1 _aComposición de la avifauna presente en el parque regional de Wisirare (Orocue, Casanare)
260 _aBogotá
_bPontificia Universidad Javeriana
_c2006
300 _a49 p.
942 _cTESIS
_2z
945 _d2008-02-13
999 _c6196
_d6196